Motívy vzájomnej spolupráce EÚ a Rady spolupráce krajín Perzského zálivu (GCC) bakalárska práca

Uložené v:
Podrobná bibliografia
Hlavný autor: Igazová, Katarína
Korporativný autor: Obchodná fakulta EU. Katedra medzinárodného obchodu
Ďalší autori: Repášová, Vladimíra
Médium: Kniha
Jazyk:Slovak
Vydavateľské údaje: Bratislava 2012
Tagy: Pridať tag
Žiadne tagy, Buďte prvý, kto otaguje tento záznam!

MARC

LEADER 00000nbm a2200000 4500
001 0154452
005 20161109111845.0
041 0 |a slo 
044 |a SK 
245 1 0 |a Motívy vzájomnej spolupráce EÚ a Rady spolupráce krajín Perzského zálivu (GCC)  |b bakalárska práca  |c Katarína Igazová ; školiteľ: Vladimíra Repášová 
264 1 |a Bratislava  |c 2012 
300 |a 35 s. 
100 1 |a Igazová, Katarína 
700 1 |a Repášová, Vladimíra 
710 2 |a Obchodná fakulta EU. Katedra medzinárodného obchodu